Pride and Prejudice (Record no. 12085)

MARC details
000 -LEADER
fixed length control field 00256nam a22000977a 4500
008 - FIXED-LENGTH DATA ELEMENTS--GENERAL INFORMATION
fixed length control field 221020b |||||||| |||| 00| 0 eng d
020 ## - INTERNATIONAL STANDARD BOOK NUMBER
International Standard Book Number 9788172344504
100 ## - MAIN ENTRY--PERSONAL NAME
Personal name Austen Jane
9 (RLIN) 6786
245 ## - TITLE STATEMENT
Title Pride and Prejudice
260 ## - PUBLICATION, DISTRIBUTION, ETC. (IMPRINT)
Place of publication, distribution, etc. New Delhi
Name of publisher, distributor, etc. Classics Books
Date of publication, distribution, etc. 2022
Holdings
Withdrawn status Lost status Source of classification or shelving scheme Damaged status Koha normalized classification for sorting Not for loan Collection code Home library Current library Shelving location Date acquired Total Checkouts Total Renewals Full call number Barcode Date last seen Date last checked out Price effective from Koha item type
    Dewey Decimal Classification   AUS_823_000000000000000   Fiction Good Samaritan School Library Good Samaritan School Library FICTION 10/20/2022 14 1 AUS823 AUS17368 04/09/2026 10/31/2025 10/20/2022 BOOK

Powered by Koha